| 000 | 01319cad a22002175a 4500 | ||
|---|---|---|---|
| 001 | L156562 | ||
| 008 | 120608s2012 xxk 000 0 eng d | ||
| 035 | _a(Sirsi) u156562 | ||
| 041 | 0 | _aeng | |
| 110 | 2 | _aCBRE | |
| 245 | 0 | 0 |
_aHong Kong retail marketview Q1 2012 _h[electronic resource] |
| 260 |
_aHong Kong _bCBRE _c2012 |
||
| 490 | 0 |
_aCBRE Hong Kong Offices Marketview _vQ1 2012 1 June 2012 |
|
| 520 | _aRetailers with tourist-driven activities continue to seek a greater presence in key shopping districts with most competition coming from the cosmetics, luxury brands and jewelry sectors. Given the tight supply of prime retail space average prime high street retail rents continued upwards in Q1 but at a slower rate than in 2011. Landlords are actively reshuffling their tenant-mix to cater for more luxury brands. Prime retail rents are expected to continue upwards, albeit at a slower pace of growth than in 2011. | ||
| 520 | _aQuick stats -- hot topics -- overview -- Hong Kong Island -- Kowloon -- selected leasing transactions in Q1 2012 -- prime shopping districts in Hong Kong. | ||
| 590 | _aNTK KA | ||
| 651 | 4 | _aHong Kong | |
| 690 |
_aCommercial property _96227 |
||
| 856 | 4 | 0 |
_uhttps://www.cbre.eu/portal/pls/portal/res_rep.show_report?report_id=1857 _zView the report at www.cbre.eu |
| 942 | _n0 | ||
| 999 |
_c84080 _d84080 |
||